[Event "ROM-ch U20"]
[Site "Eforie Nord"]
[Date "2022.04.18"]
[Round "9"]
[White "Fluerariu, Radu Cristian"]
[Black "Chipaila, Cristian Florin"]
[Result "1-0"]
[WhiteElo "2006"]
[BlackElo "1596"]
[PlyCount "71"]
[EventDate "2022.04.11"]
[EventType "tourn"]
[EventRounds "9"]
[EventCountry "ROU"]
[SourceTitle "EXT 2023"]
[Source "ChessBase"]
[SourceDate "2022.10.05"]
[SourceVersion "1"]
[SourceVersionDate "2022.10.05"]
[SourceQuality "1"]

1. e4 c5 2. Be2 e6 3. f4 d6 4. Nf3 Nf6 5. d3 Be7 6. 0-0 0-0 7. c3 Nc6 8. Na3 a6 9. Qe1 e5 10. fxe5 Nxe5 11. Nxe5 dxe5 12. Qg3 Nd7 13. Nc4 Bf6 14. Ne3 Nb6 15. Nf5 Bxf5 16. Rxf5 Kh8 17. Be3 g6 18. Rf3 Nd7 19. Raf1 Qe7 20. Rxf6 Nxf6 21. Bg5 Nh5 22. Bxe7 Nxg3 23. hxg3 Rfe8 24. Bxc5 Rac8 25. d4 exd4 26. Bxd4+ Kg8 27. e5 b5 28. Bg4 Rcd8 29. b4 h5 30. Bd1 Re7 31. Bb3 Ra8 32. Rf6 a5 33. Rxg6+ Kh7 34. Rg5 axb4 35. Bc2+ Kh6 36. Be3 1-0

[Event "ROM-ch U20"]
[Site "Eforie Nord"]
[Date "2022.04.16"]
[Round "7"]
[White "Bulau, Andrei Cristian"]
[Black "Fluerariu, Radu Cristian"]
[Result "1-0"]
[WhiteElo "2170"]
[BlackElo "2006"]
[PlyCount "99"]
[EventDate "2022.04.11"]
[EventType "tourn"]
[EventRounds "9"]
[EventCountry "ROU"]
[SourceTitle "EXT 2023"]
[Source "ChessBase"]
[SourceDate "2022.10.05"]
[SourceVersion "1"]
[SourceVersionDate "2022.10.05"]
[SourceQuality "1"]

1. d4 d5 2. Nf3 Nf6 3. e3 c6 4. Bd3 Bg4 5. b3 Nbd7 6. Bb2 e6 7. Nbd2 Bd6 8. c4 a6 9. Qc2 Qb8 10. h3 Bh5 11. 0-0 Bg6 12. e4 dxe4 13. Nxe4 Nxe4 14. Bxe4 Nf6 15. Bxg6 hxg6 16. d5 cxd5 17. cxd5 exd5 18. Rfe1+ Kf8 19. Rac1 Rh5 20. Bd4 Kg8 21. Qb2 Qd8 22. Re2 Ne4 23. Bxg7 f6 24. Rxe4 dxe4 25. Bxf6 Ba3 26. Qxa3 Qxf6 27. Nh2 Rf8 28. Ng4 Qf4 29. Rd1 Rh7 30. Rd6 Rg7 31. Qc5 Kh7 32. b4 Rf5 33. Qd4 Qc1+ 34. Kh2 Qc7 35. g3 Qc1 36. Nf6+ Rxf6 37. Qxf6 Qh6 38. Rd4 g5 39. Qxh6+ Kxh6 40. Rxe4 Rd7 41. Kg2 Kg6 42. Re6+ Kf5 43. Re3 Rd2 44. a3 Rd1 45. Re7 b5 46. Re3 Rd4 47. Rc3 Ke4 48. Rc6 a5 49. bxa5 Ra4 50. Rc5 1-0

[Event "ROM-ch U20"]
[Site "Eforie Nord"]
[Date "2022.04.13"]
[Round "4"]
[White "Fluerariu, Radu Cristian"]
[Black "Paraschiv, Paul Alexandru"]
[Result "0-1"]
[WhiteElo "2006"]
[BlackElo "2143"]
[PlyCount "92"]
[EventDate "2022.04.11"]
[EventType "tourn"]
[EventRounds "9"]
[EventCountry "ROU"]
[SourceTitle "EXT 2023"]
[Source "ChessBase"]
[SourceDate "2022.10.05"]
[SourceVersion "1"]
[SourceVersionDate "2022.10.05"]
[SourceQuality "1"]

1. Nf3 d5 2. c4 e6 3. g3 d4 4. Bg2 c5 5. 0-0 Nc6 6. e3 Nf6 7. exd4 cxd4 8. d3 Bd6 9. Bg5 h6 10. Bxf6 Qxf6 11. Nbd2 Qe7 12. a3 a5 13. Rc1 0-0 14. Re1 Bc7 15. c5 Rd8 16. Qa4 Ra6 17. Rc4 Qd7 18. Qc2 e5 19. b4 axb4 20. axb4 Na7 21. Nxe5 Bxe5 22. Rxe5 Ra1+ 23. Nf1 Nb5 24. Qb2 Ra6 25. Rc1 Qc7 26. f4 Be6 27. Qf2 Nc3 28. Nd2 Ra2 29. Qe1 Qd7 30. Ra1 Rda8 31. Rxa2 Rxa2 32. c6 bxc6 33. f5 Bxf5 34. Re8+ Kh7 35. Re7 Ra1 36. Qxa1 Qxe7 37. Qf1 Qe3+ 38. Qf2 Bxd3 39. Bf1 Bxf1 40. Kxf1 Qd3+ 41. Kg2 Nd5 42. h4 Nxb4 43. Kh3 Kg8 44. Qf4 Nd5 45. Qg4 Nf6 46. Qc8+ Kh7 0-1

[Event "ROM-ch U20"]
[Site "Eforie Nord"]
[Date "2022.04.12"]
[Round "2"]
[White "Fluerariu, Radu Cristian"]
[Black "Prisacaru, Stefan Emilian"]
[Result "0-1"]
[WhiteElo "2006"]
[BlackElo "1940"]
[PlyCount "66"]
[EventDate "2022.04.11"]
[EventType "tourn"]
[EventRounds "9"]
[EventCountry "ROU"]
[SourceTitle "EXT 2023"]
[Source "ChessBase"]
[SourceDate "2022.10.05"]
[SourceVersion "1"]
[SourceVersionDate "2022.10.05"]
[SourceQuality "1"]

1. c4 Nf6 2. Nf3 b6 3. g3 Bb7 4. Bg2 c5 5. 0-0 e6 6. b3 Be7 7. Bb2 0-0 8. e3 d5 9. Nc3 dxc4 10. bxc4 a6 11. Qe2 Qc7 12. Rad1 Nc6 13. Nh4 Nd7 14. f4 Bf6 15. Nf3 Rac8 16. g4 g6 17. d3 Ne7 18. h4 Bg7 19. h5 gxh5 20. Nh4 Bxg2 21. Qxg2 hxg4 22. Qxg4 Nf6 23. Qg3 Ng6 24. Nf3 Rfd8 25. Rf2 Kf8 26. Qh3 h5 27. Ng5 Ng4 28. Rf3 Nxe3 29. Rxe3 Bd4 30. Rf1 Nxf4 31. Qg3 Ne2+ 32. Nxe2 Qxg3+ 33. Nxg3 Bxe3+ 0-1

[Event "ROM-ch Rapid"]
[Site "Bucharest"]
[Date "2022.03.12"]
[Round "4"]
[White "Dumitrache, Dragos Nicolae"]
[Black "Fluerariu, Radu Cristian"]
[Result "1-0"]
[WhiteElo "2284"]
[BlackElo "2006"]
[PlyCount "58"]
[EventDate "2022.03.11"]
[EventType "swiss (rapid)"]
[EventRounds "9"]
[EventCountry "ROU"]
[SourceTitle "CBM 207 Extra"]
[Source "ChessBase"]
[SourceDate "2022.05.31"]
[SourceVersion "1"]
[SourceVersionDate "2022.05.31"]
[SourceQuality "1"]

1. d4 Nf6 2. c4 d6 3. Nc3 Nbd7 4. e4 e5 5. Nf3 Be7 6. Be2 0-0 7. 0-0 Re8 8. Re1 c6 9. Rb1 a5 10. b3 Qc7 11. a3 Nf8 12. d5 Ng6 13. b4 axb4 14. axb4 Bf8 15. Bg5 h6 16. Bxf6 gxf6 17. Bd3 Kh7 18. dxc6 bxc6 19. b5 Ra3 20. Rb3 Rxb3 21. Qxb3 Nf4 22. Bf1 cxb5 23. cxb5 Be6 24. Nd5 Nxd5 25. exd5 Bf5 26. Nh4 Bd7 27. Bd3+ Kh8 28. Qb4 Bg7 29. b6 Rb8 1-0

[Event "ROM-ch U20"]
[Site "Mamaia"]
[Date "2021.04.09"]
[Round "3"]
[White "Fluerariu, Radu Cristian"]
[Black "Szocs, Teodor Iulian"]
[Result "0-1"]
[WhiteElo "1985"]
[BlackElo "2013"]
[PlyCount "68"]
[EventDate "2021.04.07"]
[EventType "swiss"]
[EventRounds "9"]
[EventCountry "ROU"]
[SourceTitle "EXT 2022"]
[Source "ChessBase"]
[SourceDate "2021.10.06"]
[SourceVersion "1"]
[SourceVersionDate "2021.10.06"]
[SourceQuality "1"]

1. Nf3 Nf6 2. c4 c6 3. Nc3 d5 4. e3 e6 5. Qc2 Be7 6. b3 0-0 7. Bb2 c5 8. Bd3 Nc6 9. a3 b6 10. Rg1 Bb7 11. g4 g6 12. h4 dxc4 13. bxc4 Nb4 14. axb4 Bxf3 15. h5 g5 16. Rg3 Bb7 17. f4 cxb4 18. Ne2 h6 19. fxg5 hxg5 20. h6 Qd6 21. Rh3 Rfd8 22. h7+ Kh8 23. Rh6 Kg7 24. Rxf6 Bxf6 25. Bxf6+ Kxf6 26. Be4 Qe5 27. Bxb7 Qxa1+ 28. Kf2 Rab8 29. Bg2 a5 30. Ng3 Kg7 31. Nh5+ Kh8 32. d4 Rxd4 33. exd4 Qxd4+ 34. Kg3 Qc3+ 0-1

[Event "FIDE World Uni Rapid-E 1st"]
[Site "Tornelo INT"]
[Date "2021.03.21"]
[Round "12"]
[White "Fluerariu, Radu Cristian"]
[Black "Chmielarz, Maciej"]
[Result "0-1"]
[WhiteElo "1985"]
[BlackElo "1993"]
[PlyCount "158"]
[EventDate "2021.03.20"]
[EventType "swiss (rapid)"]
[EventRounds "12"]
[EventCountry "NET"]
[SourceTitle "EXT 2022"]
[Source "ChessBase"]
[SourceDate "2021.10.06"]
[SourceVersion "1"]
[SourceVersionDate "2021.10.06"]
[SourceQuality "1"]

1. e4 c6 2. c4 d5 3. cxd5 cxd5 4. exd5 Nf6 5. Nc3 Nbd7 6. Nf3 Nb6 7. d4 g6 8. Be2 Bg7 9. 0-0 0-0 10. Bg5 Nfxd5 11. Rc1 Bf5 12. h3 Rc8 13. Nxd5 Nxd5 14. Qb3 h6 15. Bd2 b6 16. Ba6 Rxc1 17. Rxc1 Qd6 18. Re1 Be6 19. Qa4 Bd7 20. Bb5 Bxb5 21. Qxb5 Rd8 22. Qc4 e6 23. Ne5 Qc7 24. Qe2 Rc8 25. Qf3 Qe7 26. Qg4 Qf6 27. Qe4 Qf5 28. Qe2 Rc2 29. Rc1 Rxc1+ 30. Bxc1 Qb1 31. Qc4 Ne7 32. Qc7 Bf6 33. Ng4 Bg5 34. f4 Bh4 35. Nxh6+ Kg7 36. Ng4 Qd3 37. Qe5+ f6 38. Qc7 f5 39. Qe5+ Kf7 40. Nf2 Bxf2+ 41. Kxf2 Qc2+ 42. Qe2 Qxc1 43. g3 Qb1 44. b3 Nd5 45. Kf3 Qh1+ 46. Kf2 Qxh3 47. Qb5 Qh2+ 48. Kf3 Qh1+ 49. Kf2 Qe4 50. Qd7+ Ne7 51. Qd6 Qc2+ 52. Kf3 Qxa2 53. Qb4 Nd5 54. Qc4 Qd2 55. Qa4 Qe3+ 56. Kg2 Qe4+ 57. Kh2 a5 58. Qc4 Qe3 59. Qa4 Qc3 60. Qd7+ Ne7 61. Qa4 Qb4 62. Qd7 Qxb3 63. Qd8 Qd5 64. Qh8 a4 65. Qh7+ Ke8 66. Qh8+ Kd7 67. Qb8 Qc6 68. Qa7+ Ke8 69. Qb8+ Kf7 70. Qh8 a3 71. Qh7+ Ke8 72. Qh8+ Kd7 73. Qb8 Qc2+ 74. Kh3 a2 75. d5 exd5 76. Qa7+ Ke8 77. Qa8+ Kf7 78. Qa7 Qb1 79. Kh4 Qh1+ 0-1

[Event "FIDE World Uni Rapid-E 1st"]
[Site "Tornelo INT"]
[Date "2021.03.21"]
[Round "11"]
[White "Hernandez Santos, Hugo Israel"]
[Black "Fluerariu, Radu Cristian"]
[Result "0-1"]
[WhiteElo "1592"]
[BlackElo "1985"]
[PlyCount "80"]
[EventDate "2021.03.20"]
[EventType "swiss (rapid)"]
[EventRounds "12"]
[EventCountry "NET"]
[SourceTitle "EXT 2022"]
[Source "ChessBase"]
[SourceDate "2021.10.06"]
[SourceVersion "1"]
[SourceVersionDate "2021.10.06"]
[SourceQuality "1"]

1. d4 d6 2. c4 Nf6 3. Nc3 Nbd7 4. e4 e5 5. d5 g6 6. Nf3 Bg7 7. h3 0-0 8. Be3 Ne8 9. g4 a6 10. Rg1 Rb8 11. Qd2 b5 12. cxb5 axb5 13. Bxb5 Nc5 14. Bxc5 dxc5 15. h4 Nd6 16. Be2 Rb4 17. Qc2 Bd7 18. a3 Rb7 19. g5 Qb8 20. Rb1 Qa7 21. Nd2 f5 22. gxf6 Rxf6 23. Nc4 Rf4 24. h5 Be8 25. hxg6 Bxg6 26. Rg4 Rxg4 27. Bxg4 Nxc4 28. Be6+ Kh8 29. Qe2 Nd6 30. Qg4 Qb8 31. Nd1 Nxe4 32. Rc1 Qa7 33. Rc4 Nf6 34. Qg5 Qa5+ 35. Nc3 Rxb2 36. Rh4 Qxc3+ 37. Kf1 Rb1+ 38. Kg2 Qe1 39. Kf3 Qd1+ 40. Ke3 Qc1+ 0-1

[Event "FIDE World Uni Rapid-E 1st"]
[Site "Tornelo INT"]
[Date "2021.03.21"]
[Round "7"]
[White "Tsolakidou, Stavroula"]
[Black "Fluerariu, Radu Cristian"]
[Result "1-0"]
[WhiteElo "2379"]
[BlackElo "1985"]
[PlyCount "37"]
[EventDate "2021.03.20"]
[EventType "swiss (rapid)"]
[EventRounds "12"]
[EventCountry "NET"]
[SourceTitle "EXT 2022"]
[Source "ChessBase"]
[SourceDate "2021.10.06"]
[SourceVersion "1"]
[SourceVersionDate "2021.10.06"]
[SourceQuality "1"]

1. d4 d6 2. e4 Nf6 3. Nc3 c6 4. Nf3 Bg4 5. h3 Bxf3 6. Qxf3 e6 7. Be3 Nbd7 8. g4 Nb6 9. g5 Nfd7 10. h4 Be7 11. Rg1 d5 12. h5 Nc4 13. Bxc4 dxc4 14. 0-0-0 Qa5 15. d5 cxd5 16. exd5 Bb4 17. dxe6 fxe6 18. Rxd7 Kxd7 19. Qxb7+ 1-0

[Event "FIDE World Uni Rapid-E 1st"]
[Site "Tornelo INT"]
[Date "2021.03.20"]
[Round "5"]
[White "Starikova, Uliyana"]
[Black "Fluerariu, Radu Cristian"]
[Result "0-1"]
[WhiteElo "1395"]
[BlackElo "1985"]
[PlyCount "32"]
[EventDate "2021.03.20"]
[EventType "swiss (rapid)"]
[EventRounds "12"]
[EventCountry "NET"]
[SourceTitle "EXT 2022"]
[Source "ChessBase"]
[SourceDate "2021.10.06"]
[SourceVersion "1"]
[SourceVersionDate "2021.10.06"]
[SourceQuality "1"]

1. d4 d6 2. Bf4 Nf6 3. Nf3 g6 4. e3 Bg7 5. c4 0-0 6. Nc3 b6 7. h4 Bb7 8. d5 Nbd7 9. e4 Nc5 10. e5 dxe5 11. Nxe5 Nfd7 12. Nxd7 Qxd7 13. h5 Qf5 14. Bxc7 e6 15. b4 Bxc3+ 16. Ke2 Qe4# 0-1

[Event "ROM-ch U20"]
[Site "Calimanesti Caciulata"]
[Date "2019.04.22"]
[Round "10"]
[White "Fluerariu, Radu Cristian"]
[Black "Geiger, Alex Emanuel"]
[Result "1/2-1/2"]
[WhiteElo "2002"]
[BlackElo "2212"]
[PlyCount "25"]
[EventDate "2019.04.15"]
[EventType "tourn"]
[EventRounds "10"]
[EventCountry "ROU"]
[SourceTitle "CBM 190 Extra"]
[Source "ChessBase"]
[SourceDate "2019.07.15"]
[SourceVersion "1"]
[SourceVersionDate "2019.07.15"]
[SourceQuality "1"]

1. e4 d5 2. exd5 Qxd5 3. Nc3 Qd6 4. Bc4 c6 5. d4 Nf6 6. Nge2 Bf5 7. Bf4 Qb4 8. Bb3 e6 9. f3 h6 10. Qd2 Nbd7 11. 0-0-0 Nb6 12. Ng3 Bg6 13. Qe2 1/2-1/2

[Event "ROM-ch U20"]
[Site "Calimanesti Caciulata"]
[Date "2019.04.20"]
[Round "8"]
[White "Albu, George"]
[Black "Fluerariu, Radu Cristian"]
[Result "1/2-1/2"]
[WhiteElo "2019"]
[BlackElo "2002"]
[PlyCount "99"]
[EventDate "2019.04.15"]
[EventType "tourn"]
[EventRounds "10"]
[EventCountry "ROU"]
[SourceTitle "CBM 190 Extra"]
[Source "ChessBase"]
[SourceDate "2019.07.15"]
[SourceVersion "1"]
[SourceVersionDate "2019.07.15"]
[SourceQuality "1"]

1. d4 d6 2. e4 Nf6 3. Nc3 c6 4. f4 Qa5 5. Bd3 e5 6. Nf3 Nbd7 7. 0-0 Be7 8. Kh1 0-0 9. Be3 Qc7 10. b4 Re8 11. Rb1 a6 12. Qd2 exd4 13. Bxd4 c5 14. bxc5 dxc5 15. Be3 c4 16. Be2 Bc5 17. e5 Ng4 18. Bd4 b5 19. a4 Rd8 20. axb5 Nb6 21. Ne4 Bxd4 22. Nxd4 Nxe5 23. Qe3 Nd5 24. Qf2 Ng4 25. Bxg4 Bxg4 26. bxa6 Rxa6 27. f5 Rh6 28. g3 Nf6 29. Nxf6+ Rxf6 30. c3 g6 31. Qf4 Qxf4 32. Rxf4 Bxf5 33. Nxf5 Rxf5 34. Rxf5 gxf5 35. Rb4 Rc8 36. Rb5 Re8 37. Rc5 Re4 38. Kg2 f4 39. Rc6 Kg7 40. Kf2 f6 41. g4 Kf7 42. h4 h5 43. gxh5 f3 44. Kxf3 Rxh4 45. Rc7+ Ke6 46. Kg3 Rxh5 47. Rxc4 Kd6 48. Rc8 Rc5 49. Rxc5 Kxc5 50. Kf4 1/2-1/2

[Event "ROM-ch U20"]
[Site "Calimanesti Caciulata"]
[Date "2019.04.18"]
[Round "5"]
[White "Geiger, Alex Emanuel"]
[Black "Fluerariu, Radu Cristian"]
[Result "1/2-1/2"]
[WhiteElo "2212"]
[BlackElo "2002"]
[PlyCount "28"]
[EventDate "2019.04.15"]
[EventType "tourn"]
[EventRounds "10"]
[EventCountry "ROU"]
[SourceTitle "CBM 190 Extra"]
[Source "ChessBase"]
[SourceDate "2019.07.15"]
[SourceVersion "1"]
[SourceVersionDate "2019.07.15"]
[SourceQuality "1"]

1. d4 Nf6 2. Nc3 d5 3. Bf4 e6 4. Nb5 Na6 5. e3 c6 6. Nc3 Nc7 7. Nf3 Be7 8. Bd3 0-0 9. h3 a5 10. 0-0 b5 11. e4 b4 12. e5 bxc3 13. exf6 Bxf6 14. bxc3 Ba6 1/2-1/2

[Event "ROM-ch"]
[Site "Olanesti"]
[Date "2019.03.08"]
[Round "7"]
[White "Helmer, Janos"]
[Black "Fluerariu, Radu Cristian"]
[Result "1/2-1/2"]
[WhiteElo "2024"]
[BlackElo "1940"]
[PlyCount "59"]
[EventDate "2019.03.02"]
[EventType "swiss"]
[EventRounds "9"]
[EventCountry "ROU"]
[SourceTitle "CBM 189 Extra"]
[Source "ChessBase"]
[SourceDate "2019.05.31"]
[SourceVersion "1"]
[SourceVersionDate "2019.05.31"]
[SourceQuality "1"]

1. Nf3 Nf6 2. c4 e6 3. Nc3 d5 4. d4 b6 5. Bg5 Be7 6. e3 Bb7 7. Rc1 0-0 8. cxd5 Nxd5 9. Bxe7 Qxe7 10. Bd3 c5 11. 0-0 cxd4 12. Nxd4 Rd8 13. Qe2 Nf4 14. exf4 Rxd4 15. Qe3 Nc6 16. Be4 Qd7 17. Nb5 Rd2 18. Rxc6 Bxc6 19. Bxc6 Qxc6 20. Qxd2 Qxb5 21. Rc1 h6 22. g3 Qf5 23. a3 Qf6 24. Rc7 Rd8 25. Qc2 a5 26. Rc6 Qd4 27. Qb3 a4 28. Qb5 Qe4 29. Rc1 Qd4 30. Rc6 1/2-1/2

[Event "ROM-ch"]
[Site "Olanesti"]
[Date "2019.03.05"]
[Round "4"]
[White "Almasan, Calin Ovidiu"]
[Black "Fluerariu, Radu Cristian"]
[Result "1-0"]
[WhiteElo "1958"]
[BlackElo "1940"]
[PlyCount "73"]
[EventDate "2019.03.02"]
[EventType "swiss"]
[EventRounds "9"]
[EventCountry "ROU"]
[SourceTitle "CBM 189 Extra"]
[Source "ChessBase"]
[SourceDate "2019.05.31"]
[SourceVersion "1"]
[SourceVersionDate "2019.05.31"]
[SourceQuality "1"]

1. e4 c5 2. Nc3 Nc6 3. f4 g6 4. Nf3 Bg7 5. Bb5 e6 6. Bxc6 bxc6 7. d3 d5 8. 0-0 Ne7 9. Qe1 0-0 10. Qf2 d4 11. Na4 c4 12. dxc4 d3 13. c3 Ba6 14. b3 Qa5 15. Ba3 Rfe8 16. Bb4 Qc7 17. e5 Rad8 18. Bd6 Qb7 19. Nc5 Qc8 20. Nd4 Nf5 21. Nxf5 exf5 22. Rad1 Bf8 23. Bxf8 Rxf8 24. Nxd3 Qc7 25. Nc5 Bc8 26. Rd4 Qa5 27. Rfd1 Rde8 28. b4 Qa3 29. Qc2 a5 30. Qb3 Qxb3 31. axb3 axb4 32. cxb4 Be6 33. Rd6 Rc8 34. Kf2 Rfe8 35. Ke3 Kf8 36. Ra1 h6 37. Ra6 1-0

[Event "ROM-ch U16"]
[Site "Calimanesti"]
[Date "2018.04.01"]
[Round "7"]
[White "Stefan, Mihai"]
[Black "Fluerariu, Radu Cristian"]
[Result "1/2-1/2"]
[WhiteElo "1972"]
[BlackElo "2059"]
[PlyCount "62"]
[EventDate "2018.03.27"]
[EventType "swiss"]
[EventRounds "9"]
[EventCountry "ROU"]
[SourceTitle "CBM 183 Extra"]
[Source "ChessBase"]
[SourceDate "2018.04.19"]
[SourceVersion "1"]
[SourceVersionDate "2018.04.19"]
[SourceQuality "1"]

1. e4 d5 2. exd5 Nf6 3. d4 Nxd5 4. Nf3 Bf5 5. c3 e6 6. Bd3 Bxd3 7. Qxd3 Nd7 8. 0-0 Be7 9. Ne5 Bf6 10. Qg3 Qe7 11. c4 Nb4 12. Na3 0-0-0 13. Bd2 Nxe5 14. Bxb4 Nf3+ 15. Qxf3 Qxb4 16. Rad1 Bxd4 17. Qxf7 Qxb2 18. Nb5 Bb6 19. Qxe6+ Kb8 20. Rb1 Qxa2 21. Nc3 Qa3 22. Nd5 Qc5 23. Qg4 Qd4 24. Qg3 Rhe8 25. Rxb6 Rxd5 26. Rxb7+ Kxb7 27. Rb1+ Kc8 28. cxd5 Qxd5 29. Qg4+ Qe6 30. Qb4 Qb6 31. Qg4+ Qe6 1/2-1/2

[Event "EU-ch U16 27th"]
[Site "Mamaia"]
[Date "2017.09.07"]
[Round "3"]
[White "Stoleriu, George"]
[Black "Fluerariu, Radu Cristian"]
[Result "1/2-1/2"]
[WhiteElo "2315"]
[BlackElo "2103"]
[PlyCount "77"]
[EventDate "2017.09.05"]
[EventType "swiss"]
[EventRounds "9"]
[EventCountry "ROU"]
[SourceTitle "EXT 2018"]
[Source "ChessBase"]
[SourceDate "2017.10.13"]
[SourceVersion "1"]
[SourceVersionDate "2017.10.13"]
[SourceQuality "1"]

1. e4 c5 2. Nc3 Nc6 3. Bb5 Nd4 4. Bc4 e6 5. Nge2 Nf6 6. 0-0 a6 7. d3 b5 8. Bb3 Nxb3 9. axb3 Bb7 10. f4 Qc7 11. f5 b4 12. Na4 Bd6 13. Bf4 Bxf4 14. Rxf4 0-0 15. fxe6 fxe6 16. Qd2 Rf7 17. Raf1 Raf8 18. Qe3 d6 19. h3 Qc6 20. R4f2 Nd7 21. Rxf7 Rxf7 22. Rxf7 Kxf7 23. Qf3+ Kg8 24. Qg4 Nf8 25. Nf4 Bc8 26. Qg5 Qc7 27. h4 h6 28. Qg3 d5 29. exd5 exd5 30. Qe3 d4 31. Qe4 Bd7 32. Qd5+ Kh7 33. Qf3 Qd6 34. Nh5 Qg6 35. Qxf8 Qxh5 36. Nxc5 Bf5 37. Qd8 Qd1+ 38. Kh2 Qg4 39. Kg1 1/2-1/2